[Event "Syre Memorial op 34th"]
[Site "Issy les Moulineaux"]
[Date "2011.06.04"]
[Round "3"]
[White "Eden, James"]
[Black "Khodjamirian, Arnaud"]
[Result "1-0"]
[WhiteElo "2177"]
[BlackElo "1519"]
[PlyCount "47"]
[EventDate "2011.06.03"]
[EventType "swiss"]
[EventRounds "6"]
[EventCountry "FRA"]
[SourceTitle "EXT 2012"]
[Source "ChessBase"]
[SourceDate "2011.11.24"]
[SourceVersion "1"]
[SourceVersionDate "2011.11.24"]
[SourceQuality "1"]

1. e4 c5 2. c3 d5 3. exd5 Qxd5 4. d4 Nc6 5. Nf3 Bg4 6. Be2 cxd4 7. cxd4 e6 8. Be3 Bb4+ 9. Nc3 Qa5 10. Qb3 Nf6 11. 0-0 0-0 12. a3 Bxc3 13. bxc3 Qc7 14. Rfd1 a6 15. c4 Bxf3 16. Bxf3 Na5 17. Qb4 Nc6 18. Qc3 Na5 19. Rab1 Rac8 20. d5 Nxd5 21. Bxd5 exd5 22. Bb6 Qxc4 23. Qxa5 Rfe8 24. Qxd5 1-0